Ζώα του παρελθόντος

Αποθηκεύτηκε σε:
Λεπτομέρειες βιβλιογραφικής εγγραφής
Κύριος συγγραφέας: Parker, Bertha Morris
Άλλοι συγγραφείς: Riggs, Elmer S., 1869-1963, Παπαδάκης, Στέλιος Ε.
Μορφή: Βιβλίο
Γλώσσα:Greek
Δημοσίευση: Αθήναι : Πεχλιβανίδης, c1953.
Σειρά:Βιβλιοθήκη βασικής επιστημονικής μορφώσεως. Φύσις και ζωή.
Θέματα:
Ετικέτες: Προσθήκη ετικέτας
Δεν υπάρχουν, Καταχωρήστε ετικέτα πρώτοι!

MARC

LEADER 00000cam a2200000 i 4500
001 1/20930
008 930930s1953 gr | ||| |||| ||gre||
035 |a 1989  |b 2  |c Δωρεά  |l 10036160 
040 |a GR-MY-UA  |b gre  |e aacr 
041 0 |a gre 
082 7 |a 567.9083   |2 (22) 
100 1 |a Parker, Bertha Morris. 
245 1 0 |a Ζώα του παρελθόντος /   |c της Βέρθας Μόρρις Πάρκερ και Ελμερ Σ. Ρίγκς ; μετάφραση και διασκευή Στέλιου Ε. Παπαδάκη και Χ. Γεωργόπουλου. 
260 |a Αθήναι :   |b Πεχλιβανίδης,   |c c1953. 
300 |a 36 σ. ;   |c 21 εκ.  
490 1 |a (Βιβλιοθήκη βασικής επιστημονικής μορφώσεως. Φύσις και ζωή / Πεχλιβανίδης)  
650 0 0 |a Extinct animals  |x Juvenile literature. 
650 0 0 |a Paleontology  |x Juvenile literature. 
700 1 |a Riggs, Elmer S.,   |d 1869-1963. 
700 1 |a Παπαδάκης, Στέλιος Ε. 
830 0 |a Βιβλιοθήκη βασικής επιστημονικής μορφώσεως.   |p Φύσις και ζωή. 
852 |a INST  |b RHODES  |e 19930930  |h 567.9083 PAR  |p 005400003140  |q 005400003140  |t BK  |y 0 
909 |a Ρ  |b 014591 
970 |z 30/09/1993